The retailing revolution. One-day conference, RICS Westminster Centre, 13 December 1984 (Record no. 89061)

MARC details
000 -LEADER
fixed length control field 00746cam a2200205 4500
001 - CONTROL NUMBER
control field D16107
008 - FIXED-LENGTH DATA ELEMENTS--GENERAL INFORMATION
fixed length control field 090401t1984 xxu||||| |||| 00| 0 eng d
035 ## - SYSTEM CONTROL NUMBER
System control number (Sirsi) u27161
041 ## - LANGUAGE CODE
Language code of text/sound track or separate title eng
050 ## - LIBRARY OF CONGRESS CALL NUMBER
Classification number 333.337
110 ## - MAIN ENTRY--CORPORATE NAME
Corporate name or jurisdiction name as entry element Royal Institution of Chartered Surveyors
9 (RLIN) 4900
245 #4 - TITLE STATEMENT
Title The retailing revolution. One-day conference, RICS Westminster Centre, 13 December 1984
260 ## - PUBLICATION, DISTRIBUTION, ETC.
Place of publication, distribution, etc. London
Name of publisher, distributor, etc. Surveyors Technical Services
Date of publication, distribution, etc. 1984
300 ## - PHYSICAL DESCRIPTION
Extent Programme. 3 synopses. biographical notes. attendance list
350 ## - PRICE (NR) (BK AM CF MU VM SE) [OBSOLETE]
Price 0
520 ## - SUMMARY, ETC.
Summary, etc. Filed in box RICS 1984/60AB; Reference with additional loan copy of paper by Lee. Papers also catalogued separately.
710 ## - ADDED ENTRY--CORPORATE NAME
Corporate name or jurisdiction name as entry element General Practice Division
9 (RLIN) 752
942 ## - ADDED ENTRY ELEMENTS (KOHA)
Suppress in OPAC 0
948 ## - LOCAL PROCESSING INFORMATION (OCLC); SERIES PART DESIGNATOR (RLIN)
c (OCLC) 04/03/1997
Holdings
Withdrawn status Lost status Source of classification or shelving scheme Damaged status Not for loan Home library Current library Shelving location Date acquired Total Checkouts Full call number Barcode Date last seen Copy number Price effective from Koha item type
    Other/Generic Classification Scheme     London London RICS Boxes 14/09/1999   RICS 1984/60 30007797 06/08/2019 1 06/08/2019 Reference material
    Other/Generic Classification Scheme     London London RICS Boxes 12/08/1991   RICS 1984/60 30007798 06/08/2019 2 06/08/2019 Reference material
    Other/Generic Classification Scheme     London London RICS Boxes 12/08/1991   RICS 1984/60 30007799 06/08/2019 3 06/08/2019 Reference material
    Other/Generic Classification Scheme     London London RICS Boxes 12/08/1991   RICS 1984/60 30007800 06/08/2019 4 06/08/2019 Reference material
    Other/Generic Classification Scheme     London London RICS Boxes 12/08/1991   RICS 1984/60 30007801 06/08/2019 5 06/08/2019 Book
    Other/Generic Classification Scheme     London London RICS Boxes 08/01/1992   RICS 1984/60 30025007 06/08/2019 6 06/08/2019 Archive